Practical manual on aquatic microbiology
Presents an overall picture of aquatic microbiology with emphasis on the interrelationships between discrete ecosystems and the significance of specific microbial processes within a larger perspective.
Sparad:
| Materialtyp: | Bok |
|---|---|
| Språk: | Undetermined |
| Publicerad: |
Cần Thơ
Trường Đại học Cần Thơ
2003
|
| Ämnen: | |
| Taggar: |
Lägg till en tagg
Inga taggar, Lägg till första taggen!
|
| Thư viện lưu trữ: | Trung tâm Học liệu Trường Đại học Cần Thơ |
|---|
| LEADER | 00768nam a2200181Ia 4500 | ||
|---|---|---|---|
| 001 | CTU_144709 | ||
| 008 | 210402s9999 xx 000 0 und d | ||
| 082 | |a 577.6 | ||
| 082 | |b P896 | ||
| 245 | 0 | |a Practical manual on aquatic microbiology | |
| 260 | |a Cần Thơ | ||
| 260 | |b Trường Đại học Cần Thơ | ||
| 260 | |c 2003 | ||
| 520 | |a Presents an overall picture of aquatic microbiology with emphasis on the interrelationships between discrete ecosystems and the significance of specific microbial processes within a larger perspective. | ||
| 650 | |a Aquatic ecology,Water,Nước,Hệ sinh thái thủy sinh | ||
| 650 | |x Microbiology,Vi sinh vật | ||
| 904 | |i Trọng Hiếu | ||
| 980 | |a Trung tâm Học liệu Trường Đại học Cần Thơ | ||